00000000nam 2200000za 4500
0019.675031
003CaOODSP
00520250407104410
007cr |||||||||||
008150407|2010||||xxc|||||o    f|0| 0 ara d
020 |a978-0-662-03343-1
040 |aCaOODSP|beng
043 |an-cn---
0861 |aHP40-38/2009Ara-PDF|zHP40-38/2009Ar-PDF
1102 |aPublic Health Agency of Canada.
24512|a[A parent's guide to immunization] |h[electronic resource].
250 |a[Arabic edition].
260 |aOttawa - Ontario : |bPublic Health Agency of Canada |cc2010.
300 |a20p.|bphotographs
500 |aIssued also in English under title: A parent's guide to immunization.
546 |aText in Arabic.
590 |a10-48|b2010-12-03
69007|aImmunization|2gcpds
77508|tA parent's guide to immunization |w(CaOODSP)9.692169
7760#|tGuide des parents sur la vaccination |w(CaOODSP)9.671936
792 |t[Guide des parents sur la vaccination] |efre|w(CaOODSP)9.675032
85640|ahttp://publications.gc.ca|qPDF|s709 KB|uhttps://publications.gc.ca/collections/collection_2010/aspc-phac/HP40-38-2009-ara.pdf